000 00663nam a2200205Ia 4500
005 20250425162836.0
008 250425s9999 xx 000 0 und d
020 _a9781628256796
041 _aspa
082 _a658.404
_pPRO
100 _aProject Management Institute
245 0 _aEl estandar para la dirección de proyectos y Guía de los fundamentos para la dirección de proyectos (Guía del PMBOK)
_cProject Management Institute
250 _a7a ed.
260 _aPennsylvania
_bProject Management Institute
_c2021
300 _a275 páginas
650 _aDirección de proyectos-Estándares
650 _aPMBOK
942 _c01
010 _a112365
999 _c237533
_d237533